000 00633pam a2200169 4500
001 2835
005 20181127165911.0
008 931029r19941899nyu 000 0 eng
010 _a 93042900
100 1 _aVeblen, Thorstein,
_d1857-1929
245 1 4 _aThe theory of the leisure class /
_cThorstein Veblen.
260 _aNew York :
_bMentor Book,
_cc1953.
300 _axix, 261 p. ;
_c21 cm.
500 _aElectronic copy available on RTC Cloud in "Library" folder
650 0 _aLeisure class.
856 _a
_uhttp://www.wilsonsd.org/cms/lib01/PA01000270/Centricity/Domain/185/Theory-Leisure-Class.pdf
_yThe theory of the leisure class
_z
_3
999 _c2271
_d2271